| 000 | 00913nam a2200265 a 4500 | ||
|---|---|---|---|
| 001 | BRCA_5283 | ||
| 005 | 20190320205020.0 | ||
| 008 | 011210s1978----enka######---#000-0#eng-# | ||
| 020 | _a0289708397 | ||
| 041 | _aeng | ||
| 044 | _aenk | ||
| 050 | 4 |
_aNK2542 _b.G55 1978 |
|
| 100 | 1 |
_aGilbert, Christopher _913536 |
|
| 245 | 1 | 0 |
_aThe Life and Work of Thomas Chippendale _cChristopher Gilbert. |
| 260 |
_aLondres _bStudio Vista : Christie´s _c1978 |
||
| 300 |
_a2 v. _bil. (algunas a color) _c28 cm. |
||
| 500 | _aDonación Dr. Héctor Rivero Borrell Vázquez | ||
| 504 | _aIncluye referencias bibliográficas e índice | ||
| 600 | 1 | 4 |
_aChippendale, Thomas _d1718-1779 _913537 |
| 650 | 1 | 4 |
_aMuebles _xHistoria _ySiglo XVIII _zInglaterra _913538 |
| 650 | 1 | 4 |
_aLa decoración y el ornamentación _xEstilo Chippendale _913539 |
| 650 | 1 | 4 |
_aEbanistas _vBiografías _zInglaterra _913540 |
| 902 | _aDHR | ||
| 942 |
_2lcc _cB |
||
| 999 |
_c4977 _d4977 |
||